[Event "4NCL Division 4 South"]
[Site "Telford, ENG"]
[Date "2016.03.20"]
[Round "8.99"]
[White "Woolgar, Steven G"]
[Black "Flynn, David"]
[Result "0-1"]
[WhiteElo "1690"]
[BlackElo "1860"]
[PlyCount "138"]
[EventDate "2016.03.20"]

1. c4 c5 2. Nc3 Nc6 3. g3 g6 4. Bg2 Bg7 5. Nf3 e5 6. d3 Nge7 7. O-O O-O 8. Rb1
d6 9. Bd2 Rb8 10. a3 a5 11. Nb5 Nd4 12. Nbxd4 cxd4 13. Qc1 Be6 14. Ng5 Bg4 15.
f3 Bd7 16. Ne4 Bc6 17. f4 f5 18. Ng5 Bxg2 19. Kxg2 Qb6 20. c5 dxc5 21. Qc4+ Kh8
22. fxe5 Qc6+ 23. Kg1 Nd5 24. e6 Bf6 25. Nf7+ Kg8 26. Nh6+ Kg7 27. b4 axb4 28.
axb4 Qxe6 29. Rbe1 Qc6 30. Qxc5 Qxc5 31. bxc5 Ne3 32. Bxe3 dxe3 33. Nxf5+ gxf5
34. Rxf5 Bc3 35. Rxf8 Rxf8 36. Rc1 Bd2 37. Rb1 Rf7 38. h3 Kf6 39. d4 Ke6 40.
Rb6+ Kd5 41. Rd6+ Kc4 42. h4 Be1 43. Kg2 Bf2 44. c6 bxc6 45. Rxc6+ Kxd4 46.
Rd6+ Kc3 47. Rd3+ Kc4 48. g4 Rf4 49. Kh3 Rd4 50. Ra3 Rd2 51. Kg2 Rxe2 52. Kf3
Rb2 53. h5 Kd4 54. Ra7 Bg1 55. Rd7+ Ke5 56. Re7+ Kf6 57. Re4 Ra2 58. g5+ Kf5
59. Rf4+ Ke5 60. Re4+ Kd5 61. Re8 Rf2+ 62. Kg3 Bh2+ 63. Kh3 Be5 64. g6 hxg6 65.
hxg6 e2 66. g7 Rh2+ 67. Kg4 Ke4 68. Rxe5+ Kxe5 69. g8=Q Rg2+ 0-1

[Event "4NCL Division 4 South"]
[Site "Telford, ENG"]
[Date "2016.03.20"]
[Round "8.99"]
[White "Hill, Maurice J"]
[Black "Jones, Howard"]
[Result "1/2-1/2"]
[WhiteElo "1802"]
[BlackElo "1585"]
[PlyCount "97"]
[EventDate "2016.03.20"]

1. g3 Nf6 2. Bg2 g6 3. c4 Bg7 4. Nc3 O-O 5. e4 d6 6. Nge2 Nbd7 7. O-O e5 8. Rb1
c6 9. b4 Qc7 10. d3 Re8 11. h3 a5 12. b5 c5 13. Be3 b6 14. Qd2 Rb8 15. g4 Nf8
16. Ng3 Bb7 17. g5 N6d7 18. Nd5 Bxd5 19. exd5 f5 20. gxf6 Nxf6 21. a4 Rb7 22.
Rbe1 Qc8 23. Bg5 N8d7 24. h4 Qb8 25. Bf3 Rf8 26. Kg2 Rf7 27. h5 Qf8 28. hxg6
hxg6 29. Bd1 Nh7 30. Be3 Nhf6 31. Rh1 Qe7 32. Bg5 Qf8 33. Rh2 Nh7 34. Be3 Ndf6
35. Reh1 Qe7 36. Bf3 Qf8 37. Ne4 Ra7 38. Bh6 Rad7 39. Bxg7 Qxg7 40. Kf1 Nxe4
41. Bxe4 Qf6 42. Rg1 Rg7 43. Rhg2 Nf8 44. Rg3 Rdf7 45. Rf3 Qe7 46. Qe3 Rxf3 47.
Qxf3 Qf7 48. Qg3 Qf6 49. Qg5 1/2-1/2

[Event "4NCL Division 4 South"]
[Site "Telford, ENG"]
[Date "2016.03.20"]
[Round "8.99"]
[White "Weaver, Simon"]
[Black "Booley, Graham M"]
[Result "0-1"]
[WhiteElo "1611"]
[BlackElo "1806"]
[PlyCount "20"]
[EventDate "2016.03.20"]

1. e4 e5 2. d4 exd4 3. c3 Nc6 4. cxd4 Bb4+ 5. Nc3 d6 6. Bc4 Nf6 7. Bg5 h6 8.
Bxf6 Qxf6 9. d5 Bxc3+ 10. bxc3 Qxc3+ 0-1

[Event "4NCL Division 4 South"]
[Site "Telford, ENG"]
[Date "2016.03.20"]
[Round "8.99"]
[White "Graham, Neil"]
[Black "Sweatman, Paul"]
[Result "1-0"]
[WhiteElo "1830"]
[BlackElo "1471"]
[PlyCount "97"]
[EventDate "2016.03.20"]

1. d4 d5 2. e4 e6 3. Be3 Bd7 4. e5 Be7 5. Bd3 Bg5 6. f4 Bh6 7. Nf3 Ne7 8. O-O
Nf5 9. Bd2 g6 10. Qe1 Nc6 11. c3 a6 12. Na3 b5 13. Nc2 Na7 14. g4 Ne7 15. Qh4
Ng8 16. Qf2 Nc6 17. Kh1 Qe7 18. b3 Nb8 19. f5 Bxd2 20. Nxd2 exf5 21. gxf5 Bxf5
22. Bxf5 gxf5 23. Qxf5 Qe6 24. Qh5 Nd7 25. Rae1 Ne7 26. Nb4 a5 27. Nd3 Ng6 28.
Nf4 Nxf4 29. Rxf4 Qg6 30. Qf3 Qe6 31. c4 bxc4 32. bxc4 c6 33. cxd5 cxd5 34. Nc4
Ra6 35. Ne3 Nxe5 36. dxe5 Qxe5 37. Ng2 Qxe1+ 38. Nxe1 O-O 39. Qxd5 Re6 40. Nf3
h6 41. Rg4+ Kh8 42. Qd4+ f6 43. Qd7 Rg8 44. Rxg8+ Kxg8 45. Qxe6+ Kg7 46. Nd4 h5
47. Nc6 Kg6 48. Nxa5 Kg5 49. Qe3+ 1-0

[Event "4NCL Division 4 South"]
[Site "Telford, ENG"]
[Date "2016.03.20"]
[Round "8.99"]
[White "Willmoth, Robert F"]
[Black "Woodhouse, Stephen V"]
[Result "1-0"]
[WhiteElo "2230"]
[BlackElo "1855"]
[PlyCount "113"]
[EventDate "2016.03.20"]

1. c4 e6 2. g3 d5 3. Bg2 Nf6 4. Nf3 c5 5. O-O Be7 6. b3 O-O 7. e3 Nc6 8. Bb2
Ne4 9. d3 Bf6 10. Bxf6 Qxf6 11. Na3 Nd6 12. Nb5 Nxb5 13. cxb5 Ne5 14. Ne1 Bd7
15. a4 Rac8 16. Rc1 Rfd8 17. Qe2 b6 18. e4 dxe4 19. dxe4 Ng6 20. Nf3 e5 21. Qb2
Bg4 22. Nd2 Rd4 23. h3 Rcd8 24. Rc2 Be6 25. Re1 h5 26. Re3 h4 27. Nf3 Rd3 28.
Rxd3 Rxd3 29. Rc3 Qd8 30. Kh2 hxg3+ 31. fxg3 f6 32. Bf1 Rxc3 33. Qxc3 Qd6 34.
Bc4 Nf8 35. Kg2 Kf7 36. Kf2 Bxc4 37. Qxc4+ Ne6 38. Ke3 Kf8 39. Qd3 Qxd3+ 40.
Kxd3 Nd4 41. Nd2 Ke7 42. Kc4 Kd6 43. h4 Ne2 44. Nf1 Nd4 45. Ne3 Ke6 46. g4 Nf3
47. a5 Nd2+ 48. Kd3 Nxb3 49. axb6 axb6 50. Nd5 Nd4 51. Kc4 Nc2 52. Nxb6 Kd6 53.
Kb3 Ne3 54. Nc4+ Nxc4 55. Kxc4 g6 56. h5 f5 57. hxg6 1-0

[Event "4NCL Division 4 South"]
[Site "Telford, ENG"]
[Date "2016.03.20"]
[Round "8.99"]
[White "Guha, Chirag"]
[Black "Villiers, Thomas"]
[Result "0-1"]
[WhiteElo "1907"]
[BlackElo "2117"]
[PlyCount "96"]
[EventDate "2016.03.20"]

1. d4 Nf6 2. Nf3 d5 3. c4 e6 4. g3 dxc4 5. Bg2 Nc6 6. O-O Nd5 7. Nc3 Be7 8. a3
O-O 9. e4 Nb6 10. Be3 Bf6 11. Rc1 Na5 12. Na4 Bd7 13. Nxb6 axb6 14. e5 Be7 15.
Nd2 b5 16. Qg4 Kh8 17. Be4 Bc6 18. Bxc6 Nxc6 19. Rfd1 Qd5 20. Ne4 b4 21. axb4
Nxb4 22. Nc3 Qc6 23. Ne2 Nd5 24. b3 c3 25. Rc2 b5 26. Qe4 b4 27. Nf4 Ra3 28.
Rb1 Qa8 29. Qd3 Nxf4 30. Bxf4 Qd5 31. Qc4 Qxc4 32. bxc4 Rfa8 33. d5 Ra2 34.
Rxa2 Rxa2 35. d6 cxd6 36. exd6 c2 37. Rc1 Bd8 38. c5 b3 39. Be5 Ra5 40. Bd4
Rxc5 41. Bb2 Rd5 42. Ba3 Rxd6 43. Kf1 Rd1+ 44. Ke2 Be7 45. Bb2 Bf6 46. Rxd1
cxd1=Q+ 47. Kxd1 Bxb2 48. Kd2 f5 0-1

[Event "4NCL Division 4 South"]
[Site "Telford, ENG"]
[Date "2016.03.20"]
[Round "8.99"]
[White "Chauhan, Pranay"]
[Black "Green, Emily"]
[Result "0-1"]
[WhiteElo "2027"]
[BlackElo "1742"]
[PlyCount "168"]
[EventDate "2016.03.20"]

1. d4 Nf6 2. Bf4 g6 3. e3 Bg7 4. Nd2 c5 5. c3 cxd4 6. exd4 d5 7. Bd3 Nc6 8. h3
O-O 9. Ngf3 Re8 10. O-O b6 11. Re1 Bb7 12. Ne5 Nd7 13. Nxd7 Qxd7 14. Nf3 Rac8
15. Qe2 e6 16. Rad1 Qe7 17. h4 Rcd8 18. h5 Rc8 19. g3 Rcd8 20. Kg2 Bf6 21. hxg6
fxg6 22. Qe3 Qf7 23. Ne5 Nxe5 24. Bxe5 Bc6 25. Rh1 Bxe5 26. Qxe5 Qg7 27. Rde1
Qxe5 28. Rxe5 Kg7 29. g4 Rd7 30. g5 Rf7 31. Rhe1 Rfe7 32. Kg3 Kf7 33. Be2 Bd7
34. Bg4 Bc8 35. R1e3 Rf8 36. c4 dxc4 37. d5 Rfe8 38. Rf3+ Kg7 39. Rf6 Rf7 40.
Rf4 Rxf4 41. Kxf4 Rf8+ 42. Ke3 exd5 43. Bxc8 Rxc8 44. Kd4 Kf7 45. Rxd5 Rc7 46.
Re5 Rd7+ 47. Kc3 Rd3+ 48. Kxc4 Rd2 49. Rd5 Rxb2 50. Rd7+ Kg8 51. Rxa7 Rxf2 52.
Ra8+ Kf7 53. Ra6 Rb2 54. Kc3 Rb5 55. a4 Rb1 56. Kc2 Rb4 57. Kc3 Rg4 58. Rxb6
Rxa4 59. Rb7+ Ke6 60. Rxh7 Kf5 61. Kd3 Kxg5 62. Ke3 Kg4 63. Kf2 g5 64. Rg7 Ra2+
65. Kg1 Kf4 66. Rf7+ Kg3 67. Kf1 g4 68. Rg7 Ra4 69. Rg8 Kf3 70. Rf8+ Kg3 71.
Rg8 Ra1+ 72. Ke2 Rg1 73. Rg7 Kh2 74. Rh7+ Kg2 75. Rg7 g3 76. Rg8 Ra1 77. Rg7
Kh2 78. Rh7+ Kg1 79. Rg7 g2 80. Rh7 Ra2+ 81. Ke1 Ra4 82. Re7 Rg4 83. Ke2 Kh2
84. Kf3 Rg3+ 0-1

[Event "4NCL Division 4 South"]
[Site "Telford, ENG"]
[Date "2016.03.20"]
[Round "8.99"]
[White "Bulmaga, Elena"]
[Black "Rocco, Federico"]
[Result "0-1"]
[WhiteElo "1781"]
[BlackElo "1982"]
[PlyCount "64"]
[EventDate "2016.03.20"]

1. d4 Nf6 2. c4 g6 3. Nc3 Bg7 4. Nf3 O-O 5. Bg5 d6 6. e4 Nbd7 7. Be2 e5 8. dxe5
dxe5 9. O-O c6 10. Qc2 h6 11. Bh4 Qc7 12. Rfd1 Nh5 13. b4 a5 14. a3 g5 15. Bg3
Nf4 16. Bf1 Re8 17. c5 Nf8 18. Bc4 Bg4 19. Rab1 axb4 20. axb4 N8e6 21. Bxe6
fxe6 22. Rd2 Bxf3 23. gxf3 Qf7 24. Qd1 Rf8 25. Rd7 Qh5 26. Rxb7 Rad8 27. Rd7
Rxd7 28. Qxd7 Qxf3 29. Bxf4 Rxf4 30. Qxe6+ Kh7 31. Nd1 Rg4+ 32. Kf1 Qd3+ 0-1

[Event "4NCL Division 4 South"]
[Site "Telford, ENG"]
[Date "2016.03.20"]
[Round "8.99"]
[White "Pollack, Oscar"]
[Black "Rahulan, Thivyaa"]
[Result "1-0"]
[WhiteElo "1967"]
[BlackElo "1630"]
[PlyCount "57"]
[EventDate "2016.03.20"]

1. e4 e6 2. d4 d5 3. Nd2 Nf6 4. e5 Nfd7 5. Bd3 c5 6. c3 Nc6 7. Ngf3 Qb6 8. O-O
Be7 9. Qe2 cxd4 10. cxd4 Nxd4 11. Nxd4 Qxd4 12. Nf3 Qb6 13. Be3 Bc5 14. Bd2 O-O
15. Bxh7+ Kh8 16. Ng5 g6 17. Qf3 Kg7 18. Qh3 Nxe5 19. Nxe6+ Qxe6 20. Qh6+ Kf6
21. Bg5+ Kf5 22. h3 Bd7 23. g4+ Nxg4 24. hxg4+ Kxg4 25. Qh4+ Kf3 26. Qf4+ Ke2
27. Rfe1+ Kd3 28. Rad1+ Kc2 29. Qc1# 1-0

[Event "4NCL Division 4 South"]
[Site "Telford, ENG"]
[Date "2016.03.20"]
[Round "8.99"]
[White "Woodhouse, Monty"]
[Black "Karia, Rishul"]
[Result "0-1"]
[WhiteElo "1285"]
[BlackElo "1937"]
[PlyCount "52"]
[EventDate "2016.03.20"]

1. e4 e5 2. Nf3 Nc6 3. Bb5 Nge7 4. O-O g6 5. h3 Bg7 6. c3 O-O 7. d4 d6 8. Re1
Kh8 9. Bg5 f6 10. Be3 a6 11. Ba4 b5 12. Bb3 f5 13. Bg5 f4 14. Qd3 h6 15. Bxe7
Qxe7 16. Nbd2 g5 17. Nf1 h5 18. N1h2 g4 19. hxg4 hxg4 20. Nd2 Qg5 21. Bd5 Bd7
22. Rac1 Rac8 23. Nb3 Rf6 24. Red1 Qh5 25. Qe2 Rh6 26. Nf1 Qh1# 0-1

[Event "4NCL Division 4 South"]
[Site "Telford, ENG"]
[Date "2016.03.20"]
[Round "8.99"]
[White "Szwajkun, Richard"]
[Black "Biswas, Karl"]
[Result "1/2-1/2"]
[WhiteElo "1765"]
[BlackElo "1701"]
[PlyCount "139"]
[EventDate "2016.03.20"]

1. e4 e5 2. Nf3 Nf6 3. Nxe5 d6 4. Nf3 Nxe4 5. d4 d5 6. Bd3 Be7 7. O-O Nd7 8.
Re1 Ndf6 9. Nbd2 Nxd2 10. Qxd2 O-O 11. c3 b6 12. Qc2 Bb7 13. Bg5 h6 14. Bh4 Re8
15. Ne5 Ne4 16. Bxe7 Rxe7 17. c4 Nf6 18. c5 bxc5 19. Qxc5 Nd7 20. Nxd7 Rxd7 21.
Rac1 Qf8 22. Qxf8+ Kxf8 23. Bf5 Rdd8 24. Rxc7 Bc8 25. Bxc8 Rdxc8 26. Ree7 Rxc7
27. Rxc7 Rb8 28. b3 a5 29. Kf1 a4 30. Rc3 Rb4 31. Rd3 axb3 32. axb3 Ke7 33. Ke2
Kd7 34. Kd2 Kc6 35. h4 g5 36. hxg5 hxg5 37. Kc3 Rb7 38. Rg3 f6 39. Rf3 Rf7 40.
Rf5 Rf8 41. b4 Rf7 42. b5+ Kxb5 43. Rxd5+ Kc6 44. Rf5 Kd6 45. Kd3 Ke6 46. g4
Kd6 47. Ra5 Rc7 48. Ke4 Rc2 49. f3 Rc3 50. Rc5 Ra3 51. Rb5 Rc3 52. Ra5 Rb3 53.
Ra6+ Ke7 54. f4 gxf4 55. Kxf4 Rb5 56. Rc6 Rd5 57. Rc4 Kd6 58. Ra4 Ke7 59. Ra7+
Kd6 60. Ra4 Ke7 61. Kg3 Kd6 62. Kh4 Ke7 63. Ra7+ Kd6 64. Rf7 Ke6 65. Ra7 Rxd4
66. Kh5 Rd5+ 67. Kh4 Rg5 68. Ra6+ Kf7 69. Kg3 f5 70. Kf4 1/2-1/2

[Event "4NCL Division 4 South"]
[Site "Telford, ENG"]
[Date "2016.03.20"]
[Round "8.99"]
[White "Riley, Adrian K"]
[Black "Mehmood, Athar"]
[Result "1/2-1/2"]
[WhiteElo "1619"]
[BlackElo "1742"]
[PlyCount "150"]
[EventDate "2016.03.20"]

1. Nf3 d5 2. d4 Bg4 3. h3 Bxf3 4. exf3 e6 5. Bf4 Nd7 6. c3 c5 7. Qa4 a6 8. Qb3
b6 9. a4 Qf6 10. Be3 c4 11. Qc2 Bd6 12. Qd2 Ne7 13. Be2 Nf5 14. Bg5 Qg6 15. g4
Ne7 16. Bf4 Bxf4 17. Qxf4 O-O 18. Qd6 Qc2 19. Nd2 Ng6 20. Qxd7 Nf4 21. Qd6 Ng2+
22. Kf1 Qxd2 23. Kxg2 Qxe2 24. Qa3 h6 25. Rhe1 Qc2 26. Rac1 Qg6 27. Qd6 b5 28.
axb5 axb5 29. Qb4 h5 30. Qd6 Ra2 31. Re2 Qd3 32. Rce1 Rfa8 33. Qb4 R2a5 34. Re5
hxg4 35. hxg4 g6 36. R5e3 Qc2 37. R1e2 Qb3 38. Qd6 Ra1 39. Rxe6 fxe6 40. Qxe6+
Kg7 41. Qe7+ Kg8 42. Qe6+ Kg7 43. Qe5+ Kh7 44. Qe7+ Kg8 45. Qe6+ Kg7 46. Qd7+
Kh6 47. g5+ Kxg5 48. Re5+ Kh6 49. Qh3+ Kg7 50. Re7+ Kf6 51. Qe6+ Kg5 52. Qe5+
Kh6 53. f4 Rg1+ 54. Kxg1 Qd1+ 55. Kh2 Qh5+ 56. Qxh5+ gxh5 57. Re6+ Kg7 58. Re5
Ra2 59. Kg3 Rxb2 60. Rxd5 Rb3 61. Kh4 Rxc3 62. Rxb5 Rd3 63. d5 Kf6 64. Rc5 Rd4
65. Kg3 h4+ 66. Kxh4 Rxf4+ 67. Kg3 Rd4 68. Kf3 Rd3+ 69. Ke2 Rd4 70. Rc8 c3 71.
d6 Rd2+ 72. Ke1 Ke5 73. Rxc3 Rxd6 74. Ke2 Ra6 75. Kf3 Rh6 1/2-1/2

[Event "4NCL Division 4 South"]
[Site "Telford, ENG"]
[Date "2016.03.20"]
[Round "8.99"]
[White "Kitchen, Peter J"]
[Black "Kularatnam, Kaushalya"]
[Result "1-0"]
[WhiteElo "1655"]
[BlackElo "1592"]
[PlyCount "103"]
[EventDate "2016.03.20"]

1. Nf3 c5 2. e4 d6 3. d4 cxd4 4. Nxd4 a6 5. Nc3 Nf6 6. Be2 g6 7. Be3 Bg7 8. Qd2
Nc6 9. O-O-O Bd7 10. f3 O-O 11. h4 b5 12. Kb1 b4 13. Nd5 Nxd5 14. exd5 Nxd4 15.
Bxd4 a5 16. h5 Rc8 17. Bxg7 Kxg7 18. Qd4+ Kg8 19. hxg6 fxg6 20. Qh4 Rf7 21. Bd3
Bf5 22. Bxf5 gxf5 23. g4 fxg4 24. Qxg4+ Kf8 25. Rdg1 Ke8 26. Qe6 Qc7 27. Rg8+
Rf8 28. Rxf8+ Kxf8 29. Qf5+ Kg8 30. Rxh7 Qxc2+ 31. Qxc2 Rxc2 32. Kxc2 Kxh7 33.
Kb3 Kg6 34. Ka4 Kf5 35. Kxa5 Ke5 36. Kxb4 Kxd5 37. Kb5 Ke5 38. a4 d5 39. a5 d4
40. Kc4 d3 41. Kxd3 Kd6 42. Kc4 Kc6 43. b4 Kb7 44. b5 Ka7 45. Kc5 Kb7 46. a6+
Ka7 47. Kc6 Kb8 48. a7+ Ka8 49. b6 e5 50. b7+ Kxa7 51. Kc7 e4 52. b8=Q+ 1-0

[Event "4NCL Division 4 South"]
[Site "Telford, ENG"]
[Date "2016.03.20"]
[Round "8.99"]
[White "Tselos, Aristotelis"]
[Black "Tennant, Stefan H"]
[Result "1-0"]
[WhiteElo "1403"]
[BlackElo "1652"]
[PlyCount "101"]
[EventDate "2016.03.20"]

1. e4 d5 2. exd5 Qxd5 3. Nc3 Qa5 4. Nf3 Nf6 5. Bc4 Bf5 6. d3 c6 7. Bd2 Qc7 8.
Qe2 e6 9. Ne4 Bxe4 10. dxe4 Nbd7 11. Rd1 Bd6 12. Bc3 Ne5 13. Bb3 h6 14. Nd4
O-O-O 15. f4 Ng6 16. e5 Nxf4 17. exd6 Nxe2 18. dxc7 Rxd4 19. Bxd4 Nxd4 20. Rxd4
Kxc7 21. O-O Rd8 22. Rxd8 Kxd8 23. h3 Ke7 24. g4 g5 25. Kf2 Nd7 26. Re1 Nc5 27.
Kg3 a5 28. a4 Kd6 29. h4 Nxb3 30. cxb3 f5 31. h5 f4+ 32. Kf3 Kd5 33. Re4 b5 34.
axb5 cxb5 35. Re1 e5 36. Rd1+ Kc5 37. Ke4 Kb4 38. Rd3 a4 39. bxa4 Kxa4 40. Kxe5
Kb4 41. Kf6 Kc4 42. Rc3+ Kd4 43. Kf5 b4 44. Rf3 Kc4 45. b3+ Kd4 46. Rh3 Kd5 47.
Rd3+ Kc6 48. Kg6 Kc5 49. Kxh6 f3 50. Rxf3 Kd4 51. Kxg5 1-0

[Event "4NCL Division 4 South"]
[Site "Telford, ENG"]
[Date "2016.03.20"]
[Round "8.99"]
[White "Peck, Windsor W A"]
[Black "Arutyunyan, Arutyun"]
[Result "0-1"]
[WhiteElo "1532"]
[BlackElo "1350"]
[PlyCount "92"]
[EventDate "2016.03.20"]

1. d4 d5 2. Nf3 Bf5 3. e3 Nf6 4. c4 c6 5. Nc3 e6 6. Qb3 b6 7. Be2 Bd6 8. O-O
Nbd7 9. Bd2 O-O 10. Rac1 Ne4 11. Qd1 Qf6 12. cxd5 exd5 13. a3 Qh6 14. b4 Bg4
15. Ne5 Nxe5 16. dxe5 Bxe5 17. f4 Bxc3 18. Bxc3 Bxe2 19. Qxe2 f5 20. Be5 c5 21.
Rf3 c4 22. Qd1 Rfd8 23. Qd4 Rac8 24. Rh3 Qg6 25. Qb2 b5 26. Bd4 a6 27. Rf3 Rd6
28. Be5 Rdc6 29. Bc3 h5 30. Qe2 h4 31. Qd1 Rd8 32. Qd4 Rcd6 33. Be1 Qh5 34. Bc3
Rg6 35. Rc2 Qxf3 36. Be1 h3 37. g3 Rc6 38. Bc3 Nxc3 39. Qxc3 Qe4 40. Rd2 Rcd6
41. Qd4 Qxd4 42. exd4 Re8 43. Kf2 Re4 44. g4 Rxf4+ 45. Kg3 Rxg4+ 46. Kf3 Rg2
0-1

[Event "4NCL Division 4 South"]
[Site "Telford, ENG"]
[Date "2016.03.20"]
[Round "8.99"]
[White "Matilal, Tamal"]
[Black "Paul, Christopher"]
[Result "0-1"]
[WhiteElo "1412"]
[BlackElo "1600"]
[PlyCount "64"]
[EventDate "2016.03.20"]

1. Nf3 c6 2. c4 d6 3. d4 Bg4 4. Nbd2 Nd7 5. h3 Bxf3 6. Nxf3 Ngf6 7. g3 Qc7 8.
Bg2 e5 9. dxe5 dxe5 10. O-O Bc5 11. Rb1 a5 12. Ng5 h6 13. Ne4 Nxe4 14. Bxe4 Nf6
15. Bg2 O-O 16. a3 Qe7 17. Qc2 Rfd8 18. Bd2 Nh5 19. b4 axb4 20. axb4 Bd6 21.
Qf5 Nf6 22. g4 Ra2 23. Bc3 Rxe2 24. b5 e4 25. Bxf6 Qxf6 26. Bxe4 Qxf5 27. Bxf5
g6 28. Bd3 Rd2 29. Rfd1 Rxd1+ 30. Rxd1 cxb5 31. cxb5 b6 32. Bc4 Bh2+ 0-1

[Event "4NCL Division 4 South"]
[Site "Telford, ENG"]
[Date "2016.03.20"]
[Round "8.99"]
[White "Hung, Jake"]
[Black "Karia, Devin"]
[Result "1-0"]
[WhiteElo "1810"]
[BlackElo "1712"]
[PlyCount "135"]
[EventDate "2016.03.20"]

1. c4 c5 2. g3 Nc6 3. Bg2 Nf6 4. Nc3 e6 5. e4 d5 6. exd5 exd5 7. Nxd5 Nxd5 8.
Bxd5 Nb4 9. Be4 Qe7 10. Qe2 f5 11. Bb1 Qxe2+ 12. Nxe2 Be6 13. b3 O-O-O 14. Bb2
Rg8 15. Nf4 Bd7 16. O-O g5 17. Ne2 Bg7 18. Bxg7 Rxg7 19. d4 f4 20. dxc5 Nc6 21.
Nc3 Bh3 22. Re1 Nd4 23. Be4 f3 24. Rad1 Rgd7 25. Bd5 Ne2+ 26. Nxe2 fxe2 27. Rd2
Bg4 28. f3 Bh3 29. Rdxe2 Rc7 30. c6 bxc6 31. Be6+ Bxe6 32. Rxe6 Rdd7 33. Kf2
Kb7 34. R1e5 Rd2+ 35. Re2 Rdd7 36. R6e5 h6 37. Re6 h5 38. Rg6 Rh7 39. Rxg5 h4
40. f4 Rhe7 41. Kf3 hxg3 42. hxg3 Rh7 43. Kg4 Rhd7 44. f5 Rh7 45. f6 Rcf7 46.
Kf5 Kc7 47. g4 Kd8 48. Rg8+ Kc7 49. g5 Rd7 50. Rge8 Kd6 51. R8e7 Rdxe7 52. fxe7
Rxe7 53. Rxe7 Kxe7 54. Kg6 Kf8 55. Kh7 c5 56. g6 a5 57. g7+ Kf7 58. g8=Q+ Kf6
59. Qg4 Ke5 60. Kg6 a4 61. bxa4 Kd6 62. Kf6 Kc6 63. Qe6+ Kc7 64. Ke5 Kd8 65.
Qf7 Kc8 66. Kd6 Kb8 67. Kc6 Ka8 68. Qb7# 1-0

[Event "4NCL Division 4 South"]
[Site "Telford, ENG"]
[Date "2016.03.20"]
[Round "8.99"]
[White "Atalla, George"]
[Black "Balouka Myers, Gabriel"]
[Result "0-1"]
[WhiteElo "1615"]
[BlackElo "1855"]
[PlyCount "92"]
[EventDate "2016.03.20"]

1. d4 d5 2. Nf3 Nf6 3. g3 Bf5 4. Bg2 e6 5. O-O Be7 6. b3 h6 7. Bb2 O-O 8. c4 c5
9. Nc3 Nc6 10. e3 Nb4 11. Ne1 cxd4 12. exd4 Rc8 13. a3 Nc6 14. Nf3 dxc4 15.
bxc4 Bg4 16. Ne2 Na5 17. c5 Nd5 18. Ne5 Bf5 19. Nc3 Bf6 20. Re1 Bxe5 21. Rxe5
Nc4 22. Re2 Nxb2 23. Rxb2 Nxc3 24. Qf3 Qxd4 25. Rc1 Rxc5 26. Re1 Bg4 27. Qxb7
Nd1 28. Ra2 Qc4 29. Ra1 Qc2 30. Rf1 Be2 31. Re1 Qd2 32. Qb4 Rc3 33. Qxc3 Qxc3
34. Raxd1 Bxd1 35. Rxd1 Qxa3 36. Rd7 Rc8 37. Rd1 Rc1 38. Rxc1 Qxc1+ 39. Bf1 a5
40. Kg2 a4 41. Bd3 a3 42. Kh3 a2 43. Be4 a1=Q 44. Bg2 Qg5 45. Bf3 Qf1+ 46. Bg2
Qh5# 0-1

[Event "4NCL Division 4 South"]
[Site "Telford, ENG"]
[Date "2016.03.20"]
[Round "8.99"]
[White "Balouka Myers, Reuben"]
[Black "Hung, Dylan"]
[Result "1/2-1/2"]
[WhiteElo "1667"]
[BlackElo "1607"]
[PlyCount "74"]
[EventDate "2016.03.20"]

1. Nf3 c6 2. c4 d5 3. cxd5 cxd5 4. g3 Nf6 5. Bg2 Nc6 6. d3 e6 7. O-O Bd6 8. Nc3
a6 9. e4 d4 10. Ne2 e5 11. Nd2 O-O 12. Nc4 Bc7 13. f4 Nd7 14. fxe5 Ndxe5 15.
Nxe5 Bxe5 16. Nf4 f5 17. Qh5 Ne7 18. Re1 Bxf4 19. Bxf4 Ng6 20. Bd2 Ne5 21. Qe2
fxe4 22. Bxe4 Bg4 23. Bxh7+ Kxh7 24. Qxe5 Bf5 25. Qe2 Qf6 26. Qh5+ Kg8 27. Bg5
Qb6 28. Qe2 Qb5 29. Rad1 Rae8 30. Qd2 Rxe1+ 31. Rxe1 Qxd3 32. Qxd3 Bxd3 33. Rd1
Bf5 34. Rxd4 Bh3 35. Rf4 Rxf4 36. Bxf4 Kf7 37. Kf2 Kf6 1/2-1/2

[Event "4NCL Division 4 South"]
[Site "Telford, ENG"]
[Date "2016.03.20"]
[Round "8.99"]
[White "Balouka-Myers, Toby"]
[Black "Karia, Kamlesh"]
[Result "1/2-1/2"]
[WhiteElo "1465"]
[BlackElo "1637"]
[PlyCount "114"]
[EventDate "2016.03.20"]

1. c4 c5 2. Nc3 Nc6 3. Nf3 Nf6 4. d4 cxd4 5. Nxd4 e5 6. Nxc6 bxc6 7. g3 Bc5 8.
Bg2 O-O 9. Bg5 h6 10. Bxf6 Qxf6 11. O-O Qe7 12. e3 f5 13. Bd5+ Kh8 14. Na4 Bd6
15. Bg2 Bb7 16. c5 Bc7 17. Qb3 Rab8 18. Rfd1 Ba6 19. Qc2 e4 20. Qd2 Bd3 21. Bf1
d6 22. Bxd3 exd3 23. Qxd3 d5 24. b3 Qg5 25. Qa6 f4 26. exf4 Bxf4 27. Rd3 Qf6
28. Rf1 Be5 29. Qxa7 Rbe8 30. Nb6 Rf7 31. Qa4 d4 32. Nd5 Qe6 33. Re1 g5 34. f4
Qxd5 35. Rxe5 Rxe5 36. fxe5 Qxc5 37. Qxd4 Qxd4+ 38. Rxd4 Re7 39. Re4 Kg7 40.
Kf2 Ra7 41. a4 Kf7 42. Kf3 Ke6 43. h4 gxh4 44. gxh4 Rb7 45. b4 Ra7 46. b5 cxb5
47. axb5 Rb7 48. Kg4 Rxb5 49. Ra4 Kxe5 50. Ra6 h5+ 51. Kxh5 Kf4+ 52. Kg6 Kg4
53. Ra4+ Kg3 54. h5 Rb6+ 55. Kg7 Rb7+ 56. Kf6 Rb6+ 57. Kf7 Rb7+ 1/2-1/2

[Event "4NCL Division 4 South"]
[Site "Telford, ENG"]
[Date "2016.03.20"]
[Round "8.99"]
[White "Willmoth, Harrison"]
[Black "Balouka-Myers, Raphael"]
[Result "1-0"]
[WhiteElo "1667"]
[BlackElo "1457"]
[PlyCount "105"]
[EventDate "2016.03.20"]

1. e4 e6 2. d3 d5 3. Nd2 c5 4. Ngf3 Nc6 5. g3 Qb6 6. Bg2 Bd7 7. O-O O-O-O 8. a3
Bd6 9. Re1 Nge7 10. c3 h6 11. b4 cxb4 12. axb4 Rdg8 13. Qb3 Kb8 14. b5 Nd8 15.
e5 Bc7 16. c4 dxc4 17. dxc4 Nf5 18. Ne4 Nd4 19. Nxd4 Qxd4 20. Bb2 Qb6 21. Red1
Bxb5 22. Qxb5 Qxb5 23. cxb5 Bb6 24. Bd4 Bxd4 25. Rxd4 Rf8 26. Rd7 f5 27. Nd6
Rh7 28. Bxb7 Rfh8 29. Bg2 g5 30. Raxa7 Rxd7 31. Rxd7 Rf8 32. b6 f4 33. Ra7 f3
34. Rc7 Nf7 35. Rxf7 Rxf7 36. Nxf7 fxg2 37. Nxh6 Kb7 38. Nf7 Kxb6 39. Nxg5 Kc5
40. Nxe6+ Kd5 41. f4 Kxe6 42. h4 Kf5 43. h5 Kg4 44. h6 Kxg3 45. h7 Kxf4 46.
h8=Q Ke4 47. e6 Kf5 48. e7 Kg5 49. e8=Q Kf5 50. Qhe5+ Kg4 51. Qa4+ Kf3 52. Qc3+
Ke2 53. Qac2# 1-0